000 00496nad a22001811nc4500
001 a987667918+Band7
003 RU-10907106
005 20221125124802.0
008 181217s2018 gw |||| 000u ger d
020 _a9783835331839
_9978-3-8353-3183-9
035 _aa987667918
040 _cRU-10907106
_aRU-10907106
_bger
245 0 0 _aTagebücher
_nBand 7
_p1923-1928
264 1 _aGöttingen :
_bWallstein Verlag,
_c2018
300 _a714 Seiten
773 0 8 _wa987667918
_qBand7
942 _cMG
_2z
999 _c52465
_d52465